000 00329nam a22001337a 4500
999 _c528290
_d528290
003 NUST
038 _amsohail
082 _a628.95
_bDOT
100 _aUS Dept of Transportation
_919968
245 _aTechnology Sharing Report
260 _aWashington
_bUS Dept of Transportation
_c1980
300 _a30,p:
_c25cm
942 _2ddc
_cBK